000 00400nam a2200145Ia 4500
008 230917s9999||||xx |||||||||||||| ||und||
040 _e174531
_aMAIN
041 _aEnglish
082 _a891.43301731 SM64K
100 _aमहाप सिंह
245 0 _aकील
260 _aनई दिल्ली
_bलिपि प्रकाशन
_c1978
300 _a136 पृ. p.
942 _cHN
999 _c188141
_d188141